000
00211nam a22000857a 4500
008
170118b xxu||||| |||| 00| 0 eng d
100
_9
2478
_a
Charda.M.
245
_a
English Grammar-III
260
_a
New Delhi
_b
APC
_c
2009
999
_c
5544
_d
5544